Základy výrobní techniky a technologie pro ekonomy

Salvato in:
Dettagli Bibliografici
Autore principale: Štefan, Rudolf
Ente Autore: Vysoká škola ekonomická v Praze. Výrobně ekonomická fakulta
Natura: Libro
Lingua:ceco
Pubblicazione: Praha Státní pedagogické nakladatelství 1985
Tags: Aggiungi Tag
Nessun Tag, puoi essere il primo ad aggiungerne!!

MARC

LEADER 00000nam a2200000 4500
001 c105130
005 20220317091201.9
041 0 |a cze 
044 |a CZ 
245 1 0 |a Základy výrobní techniky a technologie pro ekonomy  |c Rudolf Štefan a kol. 
264 1 |a Praha  |b Státní pedagogické nakladatelství  |c 1985 
300 |a 230 s. 
100 1 |a Štefan, Rudolf 
710 2 |a Vysoká škola ekonomická v Praze. Výrobně ekonomická fakulta